[Event "DEN-ch Seniors"]
[Site "Aalborg"]
[Date "2023.02.19"]
[Round "7"]
[White "Grue, Vibeke"]
[Black "Gronhoj, Benny"]
[Result "0-1"]
[WhiteElo "1176"]
[BlackElo "1985"]
[PlyCount "70"]
[EventDate "2023.02.19"]
[EventType "swiss"]
[EventRounds "7"]
[EventCountry "DEN"]
[SourceTitle "CBM 213 Extra"]
[Source "ChessBase"]
[SourceDate "2023.05.31"]
[SourceVersion "1"]
[SourceVersionDate "2023.05.31"]
[SourceQuality "1"]

1. e4 d5 2. exd5 Qxd5 3. Nc3 Qa5 4. Bb5+ c6 5. Be2 Nf6 6. d4 Bf5 7. g4 Bd7 8. Bd2 Qc7 9. g5 Nd5 10. Bd3 e6 11. a3 Bd6 12. Qg4 Nf4 13. Be4 e5 14. Bf5 exd4 15. Ne4 Be5 16. 0-0-0 Ne6 17. Nf3 d3 18. Bb4 Bf4+ 19. Nfd2 dxc2 20. Kxc2 Nd4+ 21. Kb1 Bxf5 22. f3 Bxg4 23. fxg4 Nd7 24. Nc4 c5 25. Bc3 0-0-0 26. Rhf1 Nb6 27. b4 Nxc4 28. Nxc5 Ne6 29. Bxg7 Rxd1+ 30. Rxd1 Nxg7 31. Rd7 Qe5 32. Kc2 Nxa3+ 33. Kb3 b5 34. Kxa3 Bc1+ 35. Kb3 Qb2# 0-1

[Event "DEN-ch Seniors 50"]
[Site "Aalborg"]
[Date "2022.02.25"]
[Round "6"]
[White "Grue, Vibeke"]
[Black "Thomsen, Per"]
[Result "0-1"]
[WhiteElo "1213"]
[BlackElo "1509"]
[PlyCount "52"]
[EventDate "2022.02.20"]
[EventType "swiss"]
[EventRounds "7"]
[EventCountry "DEN"]
[SourceTitle "EXT 2024"]
[Source "ChessBase"]
[SourceDate "2023.10.10"]
[SourceVersion "1"]
[SourceVersionDate "2023.10.10"]
[SourceQuality "1"]

1. e4 e5 2. Nf3 d6 3. h3 f5 4. Nc3 Nf6 5. Bc4 h6 6. exf5 Bxf5 7. Nh4 Bh7 8. d3 c6 9. 0-0 d5 10. Bb3 d4 11. Ne2 Nd5 12. Nf3 Bd6 13. Bxd5 cxd5 14. c3 dxc3 15. Qa4+ Qd7 16. Qb3 Bxd3 17. Re1 Bc4 18. Qc2 0-0 19. Ng3 e4 20. Nd4 Bxg3 21. Be3 cxb2 22. Qxb2 Be5 23. f3 Bxd4 24. Bxd4 exf3 25. g3 Nc6 26. Be3 Qxh3 0-1